Κρίση του κοινωνικού κράτους και νεωτερικότητα

Αποθηκεύτηκε σε:
Λεπτομέρειες βιβλιογραφικής εγγραφής
Κύριος συγγραφέας: Γράβαρης, Διονύσης Ν.
Μορφή: Βιβλίο
Γλώσσα:Greek
Δημοσίευση: Αθήνα : Ιδρυμα Σάκη Καράγιωργα, 1997
Θέματα:
Ετικέτες: Προσθήκη ετικέτας
Δεν υπάρχουν, Καταχωρήστε ετικέτα πρώτοι!

MARC

LEADER 00000nam a2200000 i 4500
001 1/73448
008 990316s1997 gre d
020 |a 9607087186 
035 |l 10048812 
040 |a GR-MY-UA  |b gre  |e aacr 
041 0 |a gre 
082 0 |a 320.101 
100 1 |a Γράβαρης, Διονύσης Ν. 
245 1 0 |a Κρίση του κοινωνικού κράτους και νεωτερικότητα /  |c Διονύσης Ν. Γραβάρης 
260 |a Αθήνα :   |b Ιδρυμα Σάκη Καράγιωργα,   |c 1997 
300 |a 164 σ. 
504 |a Περιέχει βιβλιογραφία 
650 0 0 |a State, The. 
650 0 0 |a Modernism. 
852 |a INST  |b CHIOS  |e 19990316  |h 320.101 ΓΡΑ  |p 005200014592  |q 005200014592  |t BK  |y 0 
901 |a BIBL-1999-1 
909 |a Χ  |b 055597 
922 |a 2ΔΩΡ  |b 199903  |c ΜΕΤΑΠΤΥΧΙΑΚΟ ΤΟΥΡΙΣΜΟΥ